<?xml version="1.0" encoding="UTF-8"?>
<record
    xmlns:xsi="http://www.w3.org/2001/XMLSchema-instance"
    xsi:schemaLocation="http://www.loc.gov/MARC21/slim http://www.loc.gov/standards/marcxml/schema/MARC21slim.xsd"
    xmlns="http://www.loc.gov/MARC21/slim">

  <leader>03043nmc a2200565 a 4500</leader>
  <controlfield tag="003">AR-Y00000XR</controlfield>
  <controlfield tag="005">20251128211936.0</controlfield>
  <controlfield tag="008">127020s2005    ||||||||||||||000 | spa||</controlfield>
  <datafield tag="020" ind1=" " ind2=" ">
    <subfield code="a">950-9113-68-9</subfield>
  </datafield>
  <datafield tag="040" ind1=" " ind2=" ">
    <subfield code="c">AR-Y00000XR</subfield>
  </datafield>
  <datafield tag="111" ind1="2" ind2=" ">
    <subfield code="a">Debates de Mayo</subfield>
    <subfield code="d">2005</subfield>
    <subfield code="c">Buenos Aires, Argentina</subfield>
  </datafield>
  <datafield tag="245" ind1="1" ind2="0">
    <subfield code="a">Debates de Mayo</subfield>
    <subfield code="b">naci&#xF3;n, cultura y pol&#xED;tica</subfield>
  </datafield>
  <datafield tag="250" ind1=" " ind2=" ">
    <subfield code="a">1&#xAA; ed.</subfield>
  </datafield>
  <datafield tag="260" ind1=" " ind2=" ">
    <subfield code="a">Buenos Aires</subfield>
    <subfield code="b">Editorial Gedisa</subfield>
    <subfield code="c">2005</subfield>
    <subfield code="b">Secretar&#xED;a de Cultura</subfield>
  </datafield>
  <datafield tag="300" ind1="0" ind2=" ">
    <subfield code="a">317 p.</subfield>
  </datafield>
  <datafield tag="490" ind1=" " ind2="0">
    <subfield code="a">Libros del Bicentenario</subfield>
  </datafield>
  <datafield tag="500" ind1="0" ind2=" ">
    <subfield code="a">La obra re&#xFA;ne las ponencias realizadas durante las Jornadas 'Debates de Mayo' cuyo tema central fue el bicentenario de la Revoluci&#xF3;n de Mayo</subfield>
  </datafield>
  <datafield tag="505" ind1=" " ind2=" ">
    <subfield code="t">El bicentenario como festival</subfield>
    <subfield code="r">Nun, Jos&#xE9;</subfield>
  </datafield>
  <datafield tag="505" ind1=" " ind2=" ">
    <subfield code="t">Naci&#xF3;n y nacionalidad en la historia argentina del siglo XIX</subfield>
    <subfield code="r">Chiaramonte, Jos&#xE9; Carlos</subfield>
  </datafield>
  <datafield tag="505" ind1=" " ind2=" ">
    <subfield code="t">De los or&#xED;genes de la naci&#xF3;n y sus relatos</subfield>
    <subfield code="r">Bragoni, Beatriz</subfield>
  </datafield>
  <datafield tag="505" ind1=" " ind2=" ">
    <subfield code="t">Revoluci&#xF3;n de Mayo y soberan&#xED;a</subfield>
    <subfield code="r">Myers, Jorge</subfield>
  </datafield>
  <datafield tag="505" ind1=" " ind2=" ">
    <subfield code="t">Ser insurgentes frente a la 'naci&#xF3;n de dos hemisferios' : la disputa argumentativa en el R&#xED;o de la Plata en los a&#xF1;os posrevolucionarios</subfield>
    <subfield code="r">Ternavasio, Marcela</subfield>
  </datafield>
  <datafield tag="505" ind1=" " ind2=" ">
    <subfield code="t">Viejos y nuevos idealismos [un comentario y una advertencia]</subfield>
    <subfield code="r">Palti, El&#xED;as Jos&#xE9;</subfield>
  </datafield>
  <datafield tag="505" ind1=" " ind2=" ">
    <subfield code="t">Proyecto nacional, democracia y Estado</subfield>
    <subfield code="r">Rinesi, Eduardo</subfield>
  </datafield>
  <datafield tag="505" ind1=" " ind2=" ">
    <subfield code="t">Los de afuera y los de adentro : democracia y proyecto nacional</subfield>
    <subfield code="r">Feinmann, Jos&#xE9; Pablo</subfield>
  </datafield>
  <datafield tag="505" ind1=" " ind2=" ">
    <subfield code="t">El arco republicano del primer centenario : regeneracionistas y reformistas, 1910-1930</subfield>
    <subfield code="r">Botana, Natalio R.</subfield>
  </datafield>
  <datafield tag="505" ind1=" " ind2=" ">
    <subfield code="t">1910, naci&#xF3;n, ciudad y futuro : expectativas y aspiraciones en una selecci&#xF3;n de im&#xE1;genes visuales y urbanas</subfield>
    <subfield code="r">Gutman, Margarita</subfield>
  </datafield>
  <datafield tag="505" ind1=" " ind2=" ">
    <subfield code="t">La naci&#xF3;n del presente en el presente : apuntes para pensar el futuro</subfield>
    <subfield code="r">Sabato, Hilda</subfield>
  </datafield>
  <datafield tag="505" ind1=" " ind2=" ">
    <subfield code="t">Im&#xE1;genes del Centenario de 1910 : nacionalismo y rep&#xFA;blica</subfield>
    <subfield code="r">Devoto, Fernando J.</subfield>
  </datafield>
  <datafield tag="505" ind1=" " ind2=" ">
    <subfield code="t">1910 y la emergencia de 'otra' naci&#xF3;n</subfield>
    <subfield code="r">Bertoni, Lilia Ana</subfield>
  </datafield>
  <datafield tag="505" ind1=" " ind2=" ">
    <subfield code="t">Sociog&#xE9;nesis de la escisi&#xF3;n entre democracia y naci&#xF3;n : la vida social del ritual del 25 de mayo</subfield>
    <subfield code="r">Grimson, Alejandro</subfield>
  </datafield>
  <datafield tag="505" ind1=" " ind2=" ">
    <subfield code="t">Sobre las formas populares de narrar la patria</subfield>
    <subfield code="r">Alabarces, Pablo</subfield>
  </datafield>
  <datafield tag="505" ind1=" " ind2=" ">
    <subfield code="t">A la sombra de H&#xE9;rcules</subfield>
    <subfield code="r">Gonz&#xE1;lez, Horacio</subfield>
  </datafield>
  <datafield tag="505" ind1=" " ind2=" ">
    <subfield code="t">Mayo de 2010, entre el pasado y el presente</subfield>
    <subfield code="r">Cattaruzza, Alejandro</subfield>
  </datafield>
  <datafield tag="505" ind1=" " ind2=" ">
    <subfield code="t">Ciudadan&#xED;a, estado y globalizaci&#xF3;n : una mirada desde la Argentina contempor&#xE1;nea</subfield>
    <subfield code="r">Svampa, Maristella</subfield>
  </datafield>
  <datafield tag="505" ind1=" " ind2=" ">
    <subfield code="t">Dos grandes temas y una gran omisi&#xF3;n : acerca de la ciudadan&#xED;a, el estado y la naci&#xF3;n en la era de la globalizaci&#xF3;n</subfield>
    <subfield code="r">Pousadela, In&#xE9;s</subfield>
  </datafield>
  <datafield tag="650" ind1=" " ind2="4">
    <subfield code="a">REVOLUCION DE MAYO</subfield>
  </datafield>
  <datafield tag="650" ind1=" " ind2="4">
    <subfield code="a">SIGLO DIECINUEVE</subfield>
  </datafield>
  <datafield tag="650" ind1=" " ind2="4">
    <subfield code="a">CONSTRUCCION DE LA NACION</subfield>
  </datafield>
  <datafield tag="650" ind1=" " ind2="4">
    <subfield code="a">NACIONALISMO</subfield>
  </datafield>
  <datafield tag="650" ind1=" " ind2="4">
    <subfield code="a">CIUDADANIA</subfield>
  </datafield>
  <datafield tag="650" ind1=" " ind2="4">
    <subfield code="a">ANALISIS COMPARATIVO</subfield>
  </datafield>
  <datafield tag="650" ind1=" " ind2="4">
    <subfield code="a">SIGLO VEINTIUNO</subfield>
  </datafield>
  <datafield tag="650" ind1=" " ind2="4">
    <subfield code="a">HISTORIA POLITICA ARGENTINA</subfield>
  </datafield>
  <datafield tag="653" ind1=" " ind2="0">
    <subfield code="a">GLOBALIZACION</subfield>
  </datafield>
  <datafield tag="700" ind1="1" ind2=" ">
    <subfield code="a">Nun, Jos&#xE9;</subfield>
    <subfield code="e">compilador</subfield>
  </datafield>
  <datafield tag="700" ind1="1" ind2=" ">
    <subfield code="a">Grimson, Alejandro</subfield>
    <subfield code="e">colaborador</subfield>
  </datafield>
  <datafield tag="942" ind1=" " ind2=" ">
    <subfield code="c">BK</subfield>
  </datafield>
  <datafield tag="998" ind1=" " ind2=" ">
    <subfield code="c">me-solo cat</subfield>
  </datafield>
  <datafield tag="999" ind1=" " ind2=" ">
    <subfield code="c">21718</subfield>
    <subfield code="d">21718</subfield>
  </datafield>
  <datafield tag="952" ind1=" " ind2=" ">
    <subfield code="0">0</subfield>
    <subfield code="1">0</subfield>
    <subfield code="2">ddc</subfield>
    <subfield code="4">0</subfield>
    <subfield code="7">0</subfield>
    <subfield code="a">LPL</subfield>
    <subfield code="b">LPL</subfield>
    <subfield code="d">2025-11-28</subfield>
    <subfield code="e">C-BP-019</subfield>
    <subfield code="l">0</subfield>
    <subfield code="o">982.04 NUNJ</subfield>
    <subfield code="p">144265</subfield>
    <subfield code="r">2025-11-28 21:19:36</subfield>
    <subfield code="w">2025-11-28</subfield>
    <subfield code="y">BK</subfield>
  </datafield>
  <datafield tag="952" ind1=" " ind2=" ">
    <subfield code="0">0</subfield>
    <subfield code="1">0</subfield>
    <subfield code="2">ddc</subfield>
    <subfield code="4">0</subfield>
    <subfield code="7">0</subfield>
    <subfield code="a">LPL</subfield>
    <subfield code="b">LPL</subfield>
    <subfield code="d">2025-11-28</subfield>
    <subfield code="e">C-BP-019</subfield>
    <subfield code="l">0</subfield>
    <subfield code="o">982.04 NUNJ</subfield>
    <subfield code="p">144266</subfield>
    <subfield code="r">2025-11-28 21:19:36</subfield>
    <subfield code="w">2025-11-28</subfield>
    <subfield code="y">BK</subfield>
  </datafield>
</record>
